000 00700nam a2200241 a 4500
001 56850
003 BD-RjUL
005 20211209080437.0
008 161204s2008 ii ||||| |||| 001 0 eng d
020 _a812613187x
035 _a(BD-RjUL)56974
040 _aBD-RjUL
_beng
_cBD-RjUL
_dBD-RjUL
041 _aeng
082 _223
_a297.124
_bHAD 2008
245 1 0 _aHadith on faith and belief /
_cMaulana Mohammad Razi Khan Afridi.
260 _aNew Delhi :
_bAnmol Publications,
_cc2008.
300 _avi, 304 p. ;
_c25 cm.
500 _aIncludes index
650 _aHadith.
_9169496
650 _aFaith (Islam).
_9125087
700 _a Afridi, Maulana Mohammad Razi Khan.
_9169028
942 _2ddc
_cBK
999 _c56850
_d56850